Drawings of buildings in area described in 'The early history of Piccadilly, Leicester Square and Soho by C. L. Kingsford, F.S.A., F.B.A.' Cambridge, 1926 (Record no. 107527)
[ view plain ]
| 000 -LEADER | |
|---|---|
| fixed length control field | 01273cam a22002055a 4500 |
| 001 - CONTROL NUMBER | |
| control field | L140643 |
| 008 - FIXED-LENGTH DATA ELEMENTS--GENERAL INFORMATION | |
| fixed length control field | 071003s1926 xxkab f 000 0 eng d |
| 035 ## - SYSTEM CONTROL NUMBER | |
| System control number | (Sirsi) u140643 |
| 041 0# - LANGUAGE CODE | |
| Language code of text/sound track or separate title | eng |
| 110 2# - MAIN ENTRY--CORPORATE NAME | |
| Corporate name or jurisdiction name as entry element | London Topographical Society |
| 9 (RLIN) | 106 |
| 245 00 - TITLE STATEMENT | |
| Title | Drawings of buildings in area described in 'The early history of Piccadilly, Leicester Square and Soho by C. L. Kingsford, F.S.A., F.B.A.' Cambridge, 1926 |
| 250 ## - EDITION STATEMENT | |
| Edition statement | Facsim. |
| 260 ## - PUBLICATION, DISTRIBUTION, ETC. | |
| Place of publication, distribution, etc. | London |
| Name of publisher, distributor, etc. | London Topographical Society |
| Date of publication, distribution, etc. | 1926 |
| 300 ## - PHYSICAL DESCRIPTION | |
| Extent | 9 sheets |
| Other physical details | ill., map, in folder |
| Dimensions | 36 x 56 cm., folded to 36 x 28 cm. |
| 505 2# - FORMATTED CONTENTS NOTE | |
| Formatted contents note | Charing Cross c. 1740 -- Castle Street and Hemmings Row -- Argyll House, Argyll Street, Regent Street -- Archbiship Tenison's Library and School in Castle Street, Leicester Square -- The Old Opera House, Haymarket, built by Sir John Vanbrugh, 1705 -- D'Almaine's House, Soho Square -- Panton Square -- Trinity Chapel, Conduit Street --Roamund's Pond int he Green Park -- View from the Regent Circus, Piccadilly, looking south, with a view of Carlton House -- View of the County Fire Office and the Quadrant, Regent Street -- A plan of West London |
| 520 ## - SUMMARY, ETC. | |
| Summary, etc. | Black and white reproductions housed in a folder. |
| 651 #4 - SUBJECT ADDED ENTRY--GEOGRAPHIC NAME | |
| Geographic name | London |
| 690 ## - LOCAL SUBJECT ADDED ENTRY--TOPICAL TERM (OCLC, RLIN) | |
| Topical term or geographic name as entry element | BUILT ENVIRONMENT |
| 942 ## - ADDED ENTRY ELEMENTS (KOHA) | |
| Suppress in OPAC | 0 |
| Withdrawn status | Lost status | Source of classification or shelving scheme | Damaged status | Not for loan | Home library | Current library | Shelving location | Date acquired | Total Checkouts | Full call number | Barcode | Date last seen | Copy number | Price effective from | Koha item type |
|---|---|---|---|---|---|---|---|---|---|---|---|---|---|---|---|
| Dewey Decimal Classification | Historic collection | Historic collection | Historic collection | 03/10/2007 | MAP CABINET DRAWER 4 | 140643-2001 | 06/08/2019 | 1 | 06/08/2019 | Archive |